El poder de la Inteligencia Artificial (IA) en el Aprendizaje Basado en Proyectos (ABP) (Registro nro. 10901)

000 -CABECERA
Campo de control de longitud fija 01794nam a22003137a 4500
003 - IDENTIFICADOR DEL NÚMERO DE CONTROL
Campo de control OSt
005 - FECHA Y HORA DE LA ÚLTIMA TRANSACCIÓN
Campo de control 20260630131330.0
008 - CÓDIGOS DE INFORMACIÓN DE LONGITUD FIJA
Campo de control de longitud fija 260624t2025 xxu||||| |||| 00| 0 spa d
040 ## - FUENTE DE LA CATALOGACIÓN
Centro catalogador de origen Unicoc
Lengua de catalogación spa
Centro que cataloga Bogotá (Dr. David Ordóñez Rueda) - Campus Norte
Centro modificador Bogotá (Dr. David Ordóñez Rueda) - Campus Norte
082 ## - NÚMERO DE LA CLASIFICACIÓN DECIMAL DEWEY
Número de clasificación 371.33
100 ## - PUNTO DE ACCESO PRINCIPAL - NOMBRE DE PERSONA
9 (RLIN) 13134
Nombre de persona Rey Valzacchi, Jorge
245 ## - MENCIÓN DE TÍTULO
Título El poder de la Inteligencia Artificial (IA) en el Aprendizaje Basado en Proyectos (ABP)
Subtitulo o Resto del título : Un enfoque innovador para la Educación
Mención de responsabilidad etc. / Jorge Rey Valzacchi
250 ## - MENCIÓN DE EDICIÓN
Mención de edición 1 Ed.
260 ## - PUBLICATION, DISTRIBUTION, ETC. (IMPRINT)
Lugar de publicación distribución etc. Argentina :
Nombre del editor distribuidor etc. Instituto Latinoamericano de Desarrollo Profesional Docente ,
Fecha de publicación distribución etc. 2025.
300 ## - DESCRIPCIÓN FÍSICA
Extensión 55 páginas
Otras características físicas Ilustraciones, diagramas, tablas, gráficas
440 ## - MENCIÓN DE SERIE
9 (RLIN) 13135
Título Aprende Virtual
505 ## - NOTA DE CONTENIDO CON FORMATO
Título 1. Introducción al Aprendizaje Basado en Proyectos (ABP). --
-- 2. La Inteligencia Artificial en la educación. --
-- 3. Chat GPT en el Aprendizaje Basado en Proyectos. --
-- 4. DALL-E en el Aprendizaje por Proyectos. --
-- 5. Diseñando proyectos educativos con ChatGPT y DALL-E. --
-- 6. Veinte proyectos integrando herramientas de IA. --
-- 7. Consideraciones éticas en el uso de Chat GPT en educación. --
-- 8. Evaluación y medición del éxito de ABP con IA.
526 ## - NOTA DE INFORMACIÓN SOBRE EL PROGRAMA DE ESTUDIO
Institución que aplica el campo Unicoc
546 ## - NOTA DE LENGUA
Nota de lengua Español
650 #0 - PUNTO DE ACCESO ADICIONAL DE MATERIA - TÉRMINO DE MATERIA
9 (RLIN) 10540
Término de materia o nombre geográfico como elemento inicial Inteligencia artificial
Subdivisión de forma Aplicaciones educativas
650 #0 - PUNTO DE ACCESO ADICIONAL DE MATERIA - TÉRMINO DE MATERIA
9 (RLIN) 13175
Término de materia o nombre geográfico como elemento inicial Aprendizaje basado en proyectos (ABP)
650 #0 - PUNTO DE ACCESO ADICIONAL DE MATERIA - TÉRMINO DE MATERIA
9 (RLIN) 6662
Término de materia o nombre geográfico como elemento inicial Innovaciones educativas.
650 #0 - PUNTO DE ACCESO ADICIONAL DE MATERIA - TÉRMINO DE MATERIA
9 (RLIN) 13176
Término de materia o nombre geográfico como elemento inicial Tecnologías educativas emergentes
650 #0 - PUNTO DE ACCESO ADICIONAL DE MATERIA - TÉRMINO DE MATERIA
9 (RLIN) 13177
Término de materia o nombre geográfico como elemento inicial ChatGPT en educación
650 #0 - PUNTO DE ACCESO ADICIONAL DE MATERIA - TÉRMINO DE MATERIA
9 (RLIN) 13178
Término de materia o nombre geográfico como elemento inicial DALL‑E en educación
650 #0 - PUNTO DE ACCESO ADICIONAL DE MATERIA - TÉRMINO DE MATERIA
9 (RLIN) 192
Término de materia o nombre geográfico como elemento inicial Innovaciones tecnológicas
856 ## - LOCALIZACIÓN Y ACCESO ELECTRÓNICOS
Texto del enlace Acceso online exclusivo para comunidad Unicoc.
Identificador Uniforme del Recurso (URI) https://unicoceduco-my.sharepoint.com/:b:/g/personal/direccionbiblioteca_unicoc_edu_co/IQByr9vwTVASQYcRNAAASeTkATb-DVUxqZEjl0ebos4ytnU
942 ## - ENTRADA PARA ELEMENTOS AGREGADOS (KOHA)
Fuente de clasificación o esquema de ordenación en estanterías
Koha [por defecto] tipo de item Libro electrónico
Existencias
Localización actual Fuente de clasificación o esquema de ordenación en estanterías Fecha del precio de reemplazo No para préstamo Localización permanente Precio Fecha de adquisición Fuente de adquisición Código de barras Signatura completa Estropeado Código de colección Fecha última consulta Tipo de item de Koha Estado de pérdida
Bogotá (Dr. David Ordóñez Rueda) - Campus Norte 2026-06-24 Bogotá (Dr. David Ordóñez Rueda) - Campus Norte200000.002026-06-24CompraEbook10901371.33 Coleccion Online2026-06-24Libro electrónico 

© 2014 UNICOC | Institución Universitaria Colegios de Colombia - UNICOC
Bogotá D.C. Autopista Norte Km. 20. Teléfono:(571)6683535
Cali: Calle 13 Norte No. 3N-13. Teléfono: (572)6608887

Con tecnología de Koha